[Event "EICC 2017"]
[Site "Minsk"]
[Date "2017.06.06"]
[Round "7"]
[White "Balashov, Yuri S"]
[Black "Beliavsky, Alexander G"]
[Result "1-0"]
[WhiteElo "2408"]
[BlackElo "2589"]
[Annotator "TA"]
[PlyCount "45"]
[EventDate "2017.??.??"]
[EventCountry "BLR"]
[SourceTitle "playchess.com"]
[Source "ChessBase"]
[SourceQuality "1"]

{[%evp 18,45,60,47,66,46,126,130,118,119,258,237,242,243,297,307,622,633,731,731,719,713,703,673,665,216,206,209,448,448]} 1. e4 e5 2. Nf3 Nc6 3. Bb5 Nge7 4. O-O g6 5. d4 exd4 6. Nxd4 Bg7 7. Be3 O-O 8. Nc3 d6 9. Qd2 {C60: Ruy Lopez: Unusual Black 3rd moves and 3...g6} Ne5 10. Be2 {LiveBook: 3 Games} f5 11. f4 {White is slightly better.} (11. Bg5 $5 {[%cal Rc3d5]} Nf7 12. Bc4 fxe4 13. Rae1 $16 (13. Nxe4 d5 $14)) 11... Ng4 $146 ({Black should try} 11... Nf7 $14) ({Predecessor:} 11... Nf7 12. exf5 Nxf5 13. Bf2 c6 14. Nf3 d5 15. Bd3 N5d6 16. Rae1 Bd7 {½-½ (69) Dvoirys,S (2535)-Arkhipov,S (2495) Elista 1994}) 12. Bxg4 $1 $16 fxg4 {[#]} 13. f5 $1 {[%cal Bf4f5,Bf5e6,Be6e7][%mdl 32]} c5 (13... gxf5 $16 14. Bh6 Bxh6 15. Qxh6 Kh8) 14. Ne6 $18 Bxe6 15. fxe6 Qb6 16. Rxf8+ Rxf8 $2 {[#]} (16... Bxf8 17. Rf1 Bg7) 17. Nd5 $1 {[%cal Rd5b6]} Nxd5 18. Qxd5 {Black must now prevent e7+.} Qb5 19. e7+ Rf7 20. Qxd6 {White wants to mate with Qd8+.} Qe8 21. Bxc5 $2 (21. Bg5) 21... Bf6 {[%cal Rf6e7]} 22. Qd5 ({Don't do} 22. Bxa7 $6 Qxe7 23. Qd5 Bxb2 $16) 22... Bxe7 $2 (22... b6) 23. Bxe7 {Precision: White = 81%, Black = 19%.} 1-0

[Event "EICC 2017"]
[Site "Minsk"]
[Date "2017.06.06"]
[Round "7"]
[White "Sadovsky, Artem"]
[Black "Baron, Tal"]
[Result "0-1"]
[WhiteElo "2407"]
[BlackElo "2540"]
[Annotator "TA"]
[PlyCount "64"]
[EventDate "2017.??.??"]
[EventCountry "BLR"]
[SourceTitle "playchess.com"]
[Source "ChessBase"]
[SourceQuality "1"]

{[%evp 15,64,-8,-26,-36,-35,-83,-82,-83,-51,-46,0,0,41,35,79,62,75,78,165,86,89,89,98,92,93,25,30,23,29,21,43,0,0,0,19,11,95,0,28,-345,-29,-561,-554,-912,-889,-29987,-29988,-29996,-29997,-29997,-29998]} 1. c4 e5 2. g3 Nc6 3. Bg2 Bc5 4. Nc3 a6 5. e3 Ba7 6. Nge2 {A25: English Opening vs King's Indian with ...Nc6 but without early d3} d6 7. O-O (7. d4 h5 8. h3 h4 9. g4 f5 10. dxe5 fxg4 11. exd6 gxh3 12. Bxh3 Bxh3 13. Rxh3 {0-1 (40) Gajewski,G (2634)-Ragger,M (2680) Chartres 2017}) 7... h5 8. d4 h4 {LiveBook: 17 Games} 9. Nd5 hxg3 10. hxg3 $146 ({Predecessor:} 10. fxg3 Nh6 11. Nec3 exd4 12. exd4 Be6 13. Bxh6 Rxh6 14. Ne2 Qd7 15. b4 O-O-O 16. b5 axb5 17. cxb5 Bxd5 18. Bxd5 Ne5 19. Qc2 Kb8 {0-1 (19) Klukiewicz,P (2011)-Mucha,P (2161) Jastrzebia Gora 2016}) 10... Bg4 11. Re1 Qd7 12. b4 $1 Kf8 13. b5 axb5 14. cxb5 Nce7 {And now ...Nxd5 would win.} 15. dxe5 dxe5 {With the idea ...Qf5.} 16. Ba3 {Threatens to win with Qa4.} Qf5 (16... Ke8 $16) 17. Qa4 (17. Nxc7 $18 Rc8 18. Rc1) 17... Qh5 $16 {Hoping for ...Qh2+.} 18. Nxe7 Nxe7 19. Kf1 Rh6 {[#]} 20. Qe4 ({White should play} 20. b6 $1 $16 {[%cal Rb6a7]} cxb6 21. Qe4 (21. Bxb7 Bf3 $11)) 20... Bb6 $1 $11 21. Bxe7+ Kxe7 22. Nf4 $1 {[%cal Rf4h5]} Qg5 23. Nd5+ Kf8 24. Nxb6 Rxb6 25. a4 Rd8 (25... Qf5 $11 {remains equal.}) 26. Rec1 ({White should try} 26. Rac1 $16) 26... Rd2 27. Rxc7 $2 {[%mdl 8192]} (27. Rc2 $11 {and White has nothing to worry.} Rd7 28. Rc4) 27... Qd8 $2 (27... Qf6 $19 {[%csl Gd2][%cal Rf6f2]} 28. f3 Bf5 29. Qb4+ Rbd6 30. Rxb7 Bh3 31. Rb8+ Ke7 32. Rb7+ Ke8 33. Rb8+ Ke7 34. Rb7+ Ke8 35. Rb8+ Ke7) 28. Rcc1 $2 {[%mdl 8192] [#]} (28. Rxf7+ $11 {and White stays safe.} Kxf7 29. Qxg4) 28... Rf6 $1 $19 {[%cal Rf6f2]} 29. Kg1 Rfxf2 30. Bf1 Qg5 {Black mates.} 31. Qxb7 {[#]} Rxf1+ $1 {[%mdl 512]} 32. Kxf1 (32. Rxf1 Qxe3+) 32... Qf5+ {Precision: White = 31%, Black = 42%.} 0-1

[Event "EICC 2017"]
[Site "Minsk"]
[Date "2017.06.06"]
[Round "7"]
[White "Podolchenko, Evgeniy"]
[Black "Ladva, Ottomar"]
[Result "1/2-1/2"]
[WhiteElo "2398"]
[BlackElo "2530"]
[Annotator "TA"]
[PlyCount "82"]
[EventDate "2017.??.??"]
[EventCountry "BLR"]
[SourceTitle "playchess.com"]
[Source "ChessBase"]
[SourceQuality "1"]

{[%evp 19,82,14,11,14,44,-18,21,0,40,0,0,0,0,-13,0,0,0,0,0,0,0,-7,0,0,289,289,313,312,291,205,214,212,202,213,207,207,212,197,368,216,206,185,166,119,119,118,105,74,74,66,66,66,66,66,66,66,66,46,54,41,74,74,74,74,74]} 1. d4 Nf6 2. c4 e6 3. Nf3 d5 4. g3 Bb4+ 5. Bd2 Be7 6. Bg2 O-O 7. Qc2 c6 8. O-O Nbd7 9. Rd1 Ne4 10. Be1 {E11: Bogo-Indian} (10. Bf4 g5 11. Bc1 f5 12. Nc3 Qe8 13. Nxe4 fxe4 14. Nxg5 Nf6 15. f3 Qh5 16. Nh3 e5 17. Nf2 exd4 18. Rxd4 {½-½ (59) Cheparinov,I (2689)-Aronian,L (2785) Doha 2016}) 10... f5 {LiveBook: 9 Games} 11. Nc3 Bf6 12. b4 ({Better is} 12. Rac1 $14) 12... g5 $146 ({Predecessor:} 12... Nb6 13. c5 Nc4 14. e3 Bd7 15. Bf1 Na3 16. Qb3 Nb5 17. Ne2 g5 18. a4 Nc7 19. Ne5 g4 20. h4 Qe7 21. Nf4 Be8 {½-½ (21) Ernst,S (2373)-Van der Wiel,J (2531) Vlissingen 2000}) 13. b5 Qe7 14. bxc6 bxc6 15. cxd5 cxd5 16. Rab1 Ba6 17. Nxe4 fxe4 18. Bb4 Qf7 {[#] And now ...Rfc8 would win.} 19. Bxf8 {Strongly threatening Qc6.} Rxf8 20. Qc6 (20. Ne5 $5 Bxe5 21. dxe5 $11) 20... Bxe2 21. Bh3 $36 {[%mdl 2048] White is pushing.} Qh5 $2 {[%mdl 8192]} (21... Re8 $1 $11 {and Black has nothing to worry.} 22. Rb7 Re7 23. Nxg5 Bxg5) 22. Qxe6+ $18 (22. Bxe6+ Kh8 $16) 22... Kh8 23. Bg4 ({Not} 23. Qxd7 Bxd1 24. Bg4 (24. Rxd1 Qxf3 25. Bg4 Qa3 $16) 24... Qe8 $16) 23... Qh6 24. Ne5 ({Don't play} 24. Qxd7 Bxd1 25. Rxd1 exf3 $18) 24... Bxd1 25. Rxd1 Nxe5 26. dxe5 Bg7 {If Black can now play ...Qxe6 this consolidates a bit.} 27. Qxh6 Bxh6 28. Rxd5 {[%mdl 4096] Endgame Bh5 is the strong threat. KRB-KRB} Bg7 $2 {[#]} (28... Rb8 {was worth a try.} 29. Kg2 Bf8) 29. e6 (29. Bh5 $142) 29... Bf6 30. Bh5 Rd8 31. Rd7 Rxd7 32. exd7 $16 {KB-KB} Kg7 33. Bg4 Kg6 34. Kf1 Bd8 35. Ke2 Kf6 36. f3 exf3+ 37. Bxf3 Ke7 38. Bc6 h5 39. Ba4 h4 40. gxh4 gxh4 41. h3 Bc7 {Precision: White = 53%, Black = 48%.} 1/2-1/2

[Event "EICC 2017"]
[Site "Minsk"]
[Date "2017.06.06"]
[Round "7"]
[White "Abdulov, Orkhan"]
[Black "Steinberg, Nitzan"]
[Result "0-1"]
[WhiteElo "2388"]
[BlackElo "2532"]
[Annotator "TA"]
[PlyCount "56"]
[EventDate "2017.??.??"]
[EventCountry "BLR"]
[SourceTitle "playchess.com"]
[Source "ChessBase"]
[SourceQuality "1"]

{[%evp 23,56,8,1,4,6,0,0,0,33,16,14,0,10,0,0,-158,-159,-149,-138,-201,-197,-212,-210,-189,-221,-220,-219,-414,-318,-464,-415,-450,-428,-1369,-1368]} 1. e4 c5 2. Nf3 d6 3. d4 cxd4 4. Nxd4 Nf6 5. Nc3 a6 6. h3 e5 7. Nde2 b5 8. g4 {B90: Sicilian Najdorf: Unusual White 6th moves, 6 Be3 Ng4 and 6 Be3 e5} b4 9. Nd5 Nxd5 10. Qxd5 Ra7 11. Be3 Be6 12. Qd3 Rb7 {LiveBook: 8 Games} 13. Bg2 Be7 14. Ng3 g6 15. O-O Qc7 16. Rfd1 $146 O-O 17. Bh6 Bc4 18. Qf3 Rc8 19. Nf5 $2 (19. b3 $11 Bb5 20. Nf1) 19... gxf5 $17 20. exf5 d5 {...e4 is the strong threat.} 21. f6 {[#]} (21. b3 $17 Rb6 22. Be3) 21... Rb6 $1 $19 {[%cal Rb6f6]} 22. fxe7 {Strongly threatening Bg5.} Rxh6 23. b3 Bb5 ({Worse is} 23... Qxe7 24. bxc4 d4 25. Qe2 $11) 24. Qe3 Kg7 {And now ...d4 would win.} 25. a4 $2 {[#]} (25. Rxd5 {was worth a try.} Qxe7 26. Rxe5) 25... Bc6 26. Qc5 (26. Bxd5 $142 Qxe7 27. Bc4) 26... Re6 27. Bxd5 Bxd5 28. Rxd5 (28. Qxc7 $142 Rxc7 29. Rxd5) 28... Qxc5 {Precision: White = 38%, Black = 65%.} 0-1

[Event "EICC 2017"]
[Site "Minsk"]
[Date "2017.06.06"]
[Round "7"]
[White "Davtyan, Artur"]
[Black "Smirin, Ilia"]
[Result "1-0"]
[WhiteElo "2216"]
[BlackElo "2676"]
[Annotator "TA"]
[PlyCount "109"]
[EventDate "2017.??.??"]
[EventCountry "BLR"]
[SourceTitle "playchess.com"]
[Source "ChessBase"]
[SourceQuality "1"]

{[%evp 23,109,11,16,8,61,0,73,64,87,64,69,31,30,41,50,34,33,23,18,4,0,0,0,12,14,14,18,0,15,15,45,48,32,37,72,25,34,41,37,36,41,39,43,31,38,40,22,12,7,12,36,35,35,32,139,125,140,150,204,202,192,188,179,202,204,104,315,332,316,303,345,335,381,372,399,403,439,420,435,430,504,488,430,442,827,816,846,787]} 1. d4 Nf6 2. c4 g6 3. Nf3 Bg7 4. Nc3 d6 5. g3 O-O 6. Bg2 Nbd7 7. O-O e5 8. h3 Re8 9. e4 exd4 10. Nxd4 Nc5 11. Re1 Bd7 12. Bf4 h6 13. Qc2 {E68: King's Indian: Fianchetto: 6...Nbd7 7 0-0 e5 8 e4} Nh7 {[#]} ({Black should try} 13... Nfxe4 $11 14. Nxe4 Bxd4) 14. Qd2 $146 (14. Be3 $14) ({Predecessor:} 14. Be3 Qc8 15. Kh2 h5 16. Rad1 h4 17. g4 Ne6 18. Nde2 g5 19. f4 gxf4 20. Nxf4 Nxf4 21. Bxf4 {1-0 (81) Oleksienko,M (2620)-Harikrishna,P (2725) Doha 2014}) 14... h5 (14... Ng5 $11) 15. Rad1 {White is better.} Qc8 16. h4 Bh3 17. Kh2 Bxg2 18. Kxg2 Nf6 {[%cal Rf6e4]} 19. e5 dxe5 20. Bxe5 c6 21. Qc2 Ncd7 22. Bf4 Rxe1 23. Rxe1 Ng4 24. Nf3 Nc5 25. Ng5 (25. Bd6 $5 {[%cal Rd6c5]} Ne6 26. c5 $14) 25... Qd7 26. Rd1 Qe8 27. Nce4 Nxe4 28. Nxe4 Qe7 29. Bd6 (29. Bg5 $5 {[%cal Rg5e7]} f6 30. Bf4 $14) 29... Qe6 30. Nc5 Qc8 31. Be7 Qe8 32. Bg5 b6 33. Ne4 $36 {[%cal Bc5e4,Be4d6,Bd6c8][%mdl 2080] White fights for an advantage.} Qe5 34. b3 Re8 35. Nd6 Re6 36. Bf4 Qe2 37. Qxe2 Rxe2 38. Rd2 Re7 ({Black should play} 38... Rxd2 $1 $14 39. Bxd2 Bd4) 39. Nc8 $16 Rb7 40. Re2 b5 (40... Bf8 $16 {might work better.}) 41. Ne7+ $18 Kh7 42. Nxc6 {[#] c5 is the strong threat.} bxc4 43. bxc4 Nf6 44. Be5 (44. Rc2 $18) 44... Rd7 $2 (44... Ng4 $16) 45. c5 Nd5 46. Bd6 Bf6 47. Re8 Nc7 48. Rc8 Nb5 49. Bf4 Nc3 50. Nb8 Rd3 51. c6 {[%cal Bc5c6,Bc6c7][%mdl 32] White is clearly winning.} Nd5 52. c7 Rc3 53. Na6 Ne7 (53... Bg7 $142 54. Rd8 Nxc7 55. Nxc7 Ra3) 54. Re8 Rc2 55. Nb8 {Precision: White = 71%, Black = 35%.} 1-0